Exposición de joyas, miniaturas y esmaltes : catálogo / Asociación Artístico-Arqueológica Barcelonesa catálogo / Asociación Artístico-Arqueológica Barcelonesa
Descripción Física:
19 p. ; 26 cm
MARC
| LEADER | 00000nam a2200000Ia 4500 | ||
|---|---|---|---|
| 001 | 18475 | ||
| 003 | BGR | ||
| 005 | 20260324180149.0 | ||
| 008 | 160829s1878 xx 000 0 cat d | ||
| 080 | |a 1387, exp. 2 | ||
| 110 | 2 | |9 70344 |a Asociación Artístico-Arqueológica Barcelonesa | |
| 245 | |a Exposición de joyas, miniaturas y esmaltes : |b catálogo / Asociación Artístico-Arqueológica Barcelonesa | ||
| 260 | |a Barcelona : |b Establecimiento tipográfico de los sucesores Ramírez y Ca., |c 1878 | ||
| 300 | |a 19 p. ; |c 26 cm | ||
| 650 | |a Asociación Artístico-Arqueológica Barcelonesa |x Catàlegs |9 48261 | ||
| 650 | |a Joies |x Exposicions |9 50207 | ||
| 650 | |a Esmalts |x Exposicions |9 48263 | ||
| 901 | |a Arxiu | ||
| 942 | |n 1 |2 udc |c MON | ||
| 952 | |0 0 |1 0 |4 0 |6 1387_EXP_2 |7 1 |9 54432 |a Arxiu |b Arxiu |d 2016-12-01 |l 0 |o 1387, exp. 2 |p 18475 |r 2016-12-01 00:00:00 |w 2016-12-01 |y ARXIU | ||
| 999 | |c 58301 |d 58301 | ||